000 05419cam a22018974i 4500
003 PE-LiUPU
005 20250813165535.0
008 150108s2015 sp r 001 0 spa d
020 _a8433028081
020 _a9788433028082
035 _a(Sirsi) a251312
040 _aPE-LiUPU
_bspa
_cPE-LiUPU
_erda
041 1 _aspa
_heng
049 _aPRUA
082 0 4 _a616.8582
_bW48
_220
100 1 _aWessler, Richard L.,
_eautor.
245 1 0 _aTrabajando con clientes difíciles :
_baplicaciones de la terapia de valoración cognitiva /
_cRichard Wessler, Sheenah Hankin, Jonathan Stern ; [Traducción: David González Raga con la colaboración de Laura González Sanvisens].
264 1 _aBilbao :
_bDesclée de Brouwer,
_c2015.
300 _a500 páginas ;
_c22 centímetros.
336 _atext
_2rdacontent
337 _aunmediated
_2rdamedia
338 _avolume
_2rdacarrier
490 0 _aSerie Psicoterapias cognitivas. Biblioteca de psicología ;
_v205
504 _aBibliografía : páginas 473-496.
504 _aÍndice : páginas 497-500.
505 0 _aAgradecimientos -- Prólogo a la edición española -- La teoría de la valoración cognitiva -- ¿A qué nos referimos cuando hablamos de clientes difíciles? -- Motivación y apego -- Conceptos básicos de la TVC : Afecto personotípico, cogniciones justificadoras y conductas buscadoras de seguridad -- Pautas de la personalidad --Una nueva vuelta de tuerca al cliente difícil --La terapia de valoración cognitiva -- La evaluación de la TVC -- Intervenciones basadas en el modelo TVC -- Intervenciones basadas en el afecto -- Intervenciones adicionales relativas a la cognición, la conducta, la medición complementaria y los callejones sin salida terapéuticos -- El proceso de la TVC (estudio de casos) -- Aplicaciones de la TVC -- La TVC con los clientes con transtornos de la personalidad -- El trabajo con los clientes con transtorno límite de la personalidad -- Terapia de la pareja -- Terapia de grupo TVC -- Trabajando con padres "difíciles" -- Bibliografía -- Índice onomástico.
526 _aP203
526 _aP200
526 _aSEG65
526 _aSEG64
526 _aSEG63
526 _aSEG62
526 _aSEG61
526 _aSEG60
526 _aSEG59
526 _aSEG58
526 _aSEG57
526 _aSEG56
526 _aSEG55
526 _aSEG54
526 _aSEG53
526 _aSEG52
526 _aSEG51
526 _aSEG50
526 _aSEG49
526 _aSEG48
526 _aSEG47
526 _aSEG46
526 _aSEG24
526 _aSEG23
526 _aSEG22
526 _aSEG21
526 _aSEG20
526 _aSEG19
526 _aSEG18
526 _aSEG17
526 _aSEG16
526 _aSEG14
526 _aSEG13
526 _aSEG12
526 _aSEG11
526 _aSEG10
526 _aSEG09
526 _aSEG06
526 _aSEG05
526 _aSEG04
526 _aSEG03
526 _aSEG02
526 _aSEG68
526 _aSEG66
526 _aSEG45
526 _aSEG25
526 _aSEG01
526 _aP163
526 _aP162
526 _aP161
526 _aP160
526 _aP159
526 _aP158
526 _aP157
526 _aP156
526 _aP155
526 _aP154
526 _aP153
526 _aP152
526 _aP151
526 _aP150
526 _aP149
526 _aP142
526 _aP141
526 _aP140
526 _aP139
526 _aP138
526 _aP137
526 _aP132
526 _aP131
526 _aP130
526 _aP126
526 _aP125
526 _aP124
526 _aP123
526 _aP115
526 _aP122
526 _aP121
526 _aP116
526 _a P114
526 _aP112
526 _aP111
526 _aP104
526 _aP103
526 _aP102
526 _aP101
526 _aP100
526 _aP96
526 _aP95
526 _aP93
526 _aP92
526 _aP91
526 _aP88
526 _aP83
526 _aP82
526 _aP79
526 _aP78
526 _aP75
526 _aP74
526 _aP71
526 _aP69
526 _a P51
526 _aP49
526 _aP48
526 _aP47
526 _aP33
526 _aP31
526 _a P30
526 _aP29
526 _aP27
526 _aP26
526 _aP25
526 _aP24
526 _a P22
526 _aP10
526 _aP09
526 _a P08
526 _aP06
526 _aP05
526 _aP04
526 _aP01
534 _aTitulo original :
_tSucceeding with difficult clients applications of cognitive appraisal therapy.
541 _gF002-00000789;
650 0 4 _aAgresividad.
650 0 4 _aTerapia cognitiva.
700 1 _aHankin, Sheenah,
_eautor.
700 1 _aStern, Jonathan,
_eautor.
700 1 _aGonzález Raga, David,
_etraductor.
700 1 _aGonzález Sanvisens, Laura,
_etraductor.
910 _adbm
_bsag
_csag
_d20190108
942 _2ddc
_cBOOK
994 _aC0
_bPEPRU
596 _a1
999 _a616.8582 W48
_wDEWEY
_c30731
_i79455
_d30731
_f2021-11-4
_g3
_lCCODEBUL1
_mBUL
_p52.54
_q2
_r0
_sY
_tBOOK
_u2019-1-8
_xSALUD
_zP33
_0COMPRA
_1FCOMPR2
_o.STAFF. Colección Ciencias de la Salud
980 _81
_gALBERTO SANCHEZ Responsable de Automatización